LEADER 01862nam 2200577 450 001 9910465034503321 005 20200520144314.0 035 $a(CKB)3710000000084205 035 $a(EBL)3383376 035 $a(SSID)ssj0001157816 035 $a(PQKBManifestationID)11651012 035 $a(PQKBTitleCode)TC0001157816 035 $a(PQKBWorkID)11209644 035 $a(PQKB)11024739 035 $a(MiAaPQ)EBC3383376 035 $a(Au-PeEL)EBL3383376 035 $a(CaPaEBR)ebr10826364 035 $a(OCoLC)923315003 035 $a(EXLCZ)993710000000084205 100 $a20140124h20132013 uy 0 101 0 $anor 135 $aur|n|---||||| 181 $ctxt 182 $cc 183 $acr 200 13$aEt arbeidsmarked for alle? $eEn dokumentanalyse av de nordiske landenes jobbstrategier /$fRagna Flø og Jenny Ta?gtstro?m 210 1$aKøbenhavn, [Denmark] :$cNordisk Ministerra?d,$d2013. 210 4$d©2013 215 $a1 online resource (114 p.) 225 0$aTemaNord ;$v2012:551 300 $aDescription based upon print version of record. 311 $a92-893-2408-2 320 $aIncludes bibliographical references. 606 $aPeople with disabilities$xEmployment 606 $aPeople with disabilities$xVocational guidance 606 $aLearning disabled$xServices for 608 $aElectronic books. 615 0$aPeople with disabilities$xEmployment. 615 0$aPeople with disabilities$xVocational guidance. 615 0$aLearning disabled$xServices for. 676 $a658.30087 700 $aFlø$b Ragna$0927771 701 $aTa?gtstro?m$b Jenny$0927772 712 02$aNordic Council of Ministers. 801 0$bMiAaPQ 801 1$bMiAaPQ 801 2$bMiAaPQ 906 $aBOOK 912 $a9910465034503321 996 $aEt arbeidsmarked for alle$92084474 997 $aUNINA LEADER 02813oas 2201021 a 450 001 9910142991703321 005 20251105213014.0 011 $a1878-6642 035 $a(DE-599)ZDB2019905-3 035 $a(DE-599)2019905-3 035 $a(OCoLC)39041212 035 $a(CONSER) 2010250803 035 $a(CKB)954921387899 035 $a(EXLCZ)99954921387899 100 $a19980430a19829999 sy 101 0 $aeng 135 $aurmnu|||||||| 181 $ctxt$2rdacontent 182 $cc$2rdamedia 183 $acr$2rdacarrier 200 10$aJournal of manufacturing systems 210 $aDearborn, MI $cSociety of Manufacturing Engineers/Computer and Automated Systems Association of SME 210 3 $a[Oxford] $cElsevier Ltd 215 $a1 online resource 300 $aRefereed/Peer-reviewed 311 08$a0278-6125 606 $aManufacturing processes$vPeriodicals 606 $aProduction engineering$xData processing$vPeriodicals 606 $aRobots, Industrial$vPeriodicals 606 $aTechnique de la production$xInformatique$vPe?riodiques 606 $aRobots industriels$vPe?riodiques 606 $aFabrication$vPe?riodiques 606 $aManufacturing processes$2fast$3(OCoLC)fst01008139 606 $aProduction engineering$xData processing$2fast$3(OCoLC)fst01078287 606 $aRobots, Industrial$2fast$3(OCoLC)fst01099080 608 $aPeriodicals.$2fast 608 $aPeriodicals.$2lcgft 615 0$aManufacturing processes 615 0$aProduction engineering$xData processing 615 0$aRobots, Industrial 615 6$aTechnique de la production$xInformatique 615 6$aRobots industriels 615 6$aFabrication 615 7$aManufacturing processes. 615 7$aProduction engineering$xData processing. 615 7$aRobots, Industrial. 676 $a670.42 712 02$aComputer and Automated Systems Association of SME, 712 02$aSociety of Manufacturing Engineers, 801 0$bOH1 801 1$bOH1 801 2$bOCL 801 2$bOCLCQ 801 2$bMUQ 801 2$bSYB 801 2$bNUI 801 2$bOCLCQ 801 2$bBUF 801 2$bAU@ 801 2$bTXJ 801 2$bCUD 801 2$bOCLCQ 801 2$bCOO 801 2$bOCLCO 801 2$bOCLCF 801 2$bOCLCO 801 2$bOCLCQ 801 2$bNLE 801 2$bUKMGB 801 2$bVT2 801 2$bOCLCQ 801 2$bOCLCO 801 2$bUEJ 801 2$bSRU 801 2$bOCLCQ 801 2$bIOY 801 2$bQGK 801 2$bSMC 801 2$bAUD 801 2$bOCLCL 801 2$bUBY 801 2$bU3W 801 2$bOCLCL 801 2$bOCLCQ 906 $aJOURNAL 912 $a9910142991703321 996 $aJournal of manufacturing systems$9794413 997 $aUNINA